NLSUI OPAC header image

Universal Basic Income : (Record no. 115789)

MARC details
000 -LEADER
fixed length control field 01685nam a2200265Ia 4500
003 - CONTROL NUMBER IDENTIFIER
control field OSt
005 - DATE AND TIME OF LATEST TRANSACTION
control field 20251217144212.0
008 - FIXED-LENGTH DATA ELEMENTS--GENERAL INFORMATION
fixed length control field 191214s9999 xx 000 0 und d
040 ## - CATALOGING SOURCE
Transcribing agency NLS
100 ## - MAIN ENTRY--PERSONAL NAME
Personal name Pragati Tiwari
245 #0 - TITLE STATEMENT
Title Universal Basic Income :
245 #0 - TITLE STATEMENT
Remainder of title How Promising is the Scheme of Unconditional Guaranteed Cash Transfer in the Context of India
260 ## - PUBLICATION, DISTRIBUTION, ETC.
Place of publication, distribution, etc. Bangalore
260 ## - PUBLICATION, DISTRIBUTION, ETC.
Name of publisher, distributor, etc. NLSIU, Bangalore
260 ## - PUBLICATION, DISTRIBUTION, ETC.
Date of publication, distribution, etc. 2019
300 ## - PHYSICAL DESCRIPTION
Extent 75p.
505 ## - FORMATTED CONTENTS NOTE
Formatted contents note Contents<br/>1. Introduction;<br/>1.1 Literature Review;<br/>1.2 Research Methodology followed in this dissertation;<br/>1.3 Research Problem and Questions;<br/>2. The case of rising inequality in India;<br/>2.1 Economic justice in India;<br/>2.2 The effect of liberalisation reforms;<br/>2.3 The plausibility of economic growth with income inequality;<br/>3. Social welfare spending in India;<br/>3.1 The current state of public investment on welfare;<br/>4. Efficiency or Security: UBI as a replacement to welfare schemes;<br/>4.1 The state of existing welfare schemes;<br/>4.2 Poverty alleviation: Mahatma Gandhi National Rural Employment Guarantee Act or UBI?;<br/>5. India and Cash Transfers;<br/>5.1 Doom or boon: UBI over in kind transfer;<br/>5.2 UBI and poverty reduction;<br/>5.3 The Outcome of UBI;<br/>5.4 The success of UBI;<br/>6. Addressing the increasing inequality;<br/>6.1 Policy recommendations;<br/>7.0 Conclusion;<br/>References.<br/>
650 ## - SUBJECT ADDED ENTRY--TOPICAL TERM
Topical term or geographic name entry element Constitutional rights - Indian Constitution
650 ## - SUBJECT ADDED ENTRY--TOPICAL TERM
Topical term or geographic name entry element Poverty alleviation - Policy
650 ## - SUBJECT ADDED ENTRY--TOPICAL TERM
Topical term or geographic name entry element Poverty reducation - Policy
650 ## - SUBJECT ADDED ENTRY--TOPICAL TERM
Topical term or geographic name entry element Universal basic income (BIS)
700 ## - ADDED ENTRY--PERSONAL NAME
Personal name Prof. Mohan Mani – Guide
856 ## - ELECTRONIC LOCATION AND ACCESS
Uniform Resource Identifier <a href="https://dans.nls.ac.in/handle/123456789/270">https://dans.nls.ac.in/handle/123456789/270</a>
942 ## - ADDED ENTRY ELEMENTS (KOHA)
Koha item type Dissertation
Source of classification or shelving scheme Dewey Decimal Classification
Holdings
Withdrawn status Lost status Damaged status Not for loan Home library Current library Shelving location Date acquired Total Checkouts Barcode Date last seen Price effective from Koha item type
        . .   27.12.2019   MPP138 27.12.2019 27.12.2019 Dissertation